000 00287nam a2200109Ia 4500
005 20251222113741.0
008 251222s1900||||xx |||||||||||||| ||spa||
082 _aDVD004/ Z64/2007
245 0 _aBeowulf la leyenda
264 _bStarkey, Steve. Zemeckis, Roberts. Rapke, Jack.
942 _cDVD
999 _c620
_d620